| 000 | 00597ntaaa2200205 4500 | ||
|---|---|---|---|
| 003 | 01 | ||
| 005 | 20251027202118.0 | ||
| 008 | 0714s1973 ag 01 | ||
| 040 |
_aAR-BaBN _bspa _cAR-BaBN _eaacr _dRIC |
||
| 082 | _a253.0630 M36s | ||
| 100 |
_aMartin, Gerald _919588 |
||
| 245 | _aSir, we would see Jesus | ||
| 250 | _a1 ed. | ||
| 260 |
_aMemphis : _bWimmer Brothers Inc., _cc1968 |
||
| 300 | _a72 p | ||
| 500 | _aHistoria de la Conferencia de Pastores de los Bautistas del Sur | ||
| 650 |
_apastores-conferencia _919589 |
||
| 650 |
_aBautistas-Convención del Sud, E.E.U.U. _919590 |
||
| 942 | _cBK | ||
| 999 |
_c15996 _d15996 |
||